000 00464nam a2200181 i 4500
001 bg
100 1 _aHARTNELL, Tim
245 0 _aExploring artificial intelligence on your BBC Micro /
_cTim Hartnell.
260 _aLondon :
_bInterface Publ.,
_c1985.
650 9 _aInteligencja sztuczna
020 _a094769501X
040 _cBPK
041 _apol
080 _a004.8
920 _a0-947695-01-X
942 _cKS
008 s pl f |000 0 pol
999 _c23813
_d23813
856 _uhttp://koha.tu.koszalin.pl/cgi-bin/koha/opac-detail.pl?biblionumber=23813
_yKatalog online BPK